Statystyki dla Kraje według Dnia Niepodległości

Kliknij tutaj aby rozwiązać quiz!

Ogólne statystyki

  • Ten quiz został rozwiązany 193 razy
  • Średni wynik to 11 z 22

Statystyki odpowiedzi

DataNiepodległość od:Kraj% Poprawnych
Lip 9, 2011SudanSudan Południowy
92%
Lip 4, 1776Wielka BrytaniaStany Zjednoczne
83%
Paź 8, 1991JugosławiaChorwacja
79%
Wrz 7, 1822PortugaliaBrazylia
71%
Maj 24, 1993EtiopiaErytrea
63%
Cze 30, 1960BelgiaD.R.Konga
56%
Lip 5, 1962FrancjaAlgieria
53%
Mar 25, 1821Imperium OsmańskieGrecja
53%
Gru 6, 1917RosjaFinlandia
51%
Gru 1, 1918DaniaIslandia
51%
Sie 9, 1965MalezjaSingapur
49%
Sie 15, 1947Wielka BrytaniaIndie
45%
Wrz 16, 1810HiszpaniaMeksyk
42%
Wrz 2, 1945Japonia i FrancjaWietnam
41%
Mar 26, 1971PakistanBangladesz
39%
Gru 24, 1951WłochyLibia
37%
Maj 20, 1902Stany ZjednoczoneKuba
36%
Lip 21, 1831HolandiaBelgia
34%
Kwi 24, 1916Wielka BrytaniaIrlandia
32%
Lip 1, 1867Wielka BrytaniaKanada
27%
Sie 1, 1291Święte Cesarstwo RzymskieSzwajcaria
20%
Sty 1, 1804FrancjaHaiti
14%

Rozkład punktacji

Percentyl według liczby udzielonych odpowiedzi

Procent ludzi z każdym wynikiem

Twoja historia wyników

Nie rozwiązałeś tego quizu